000
00283nam a22001337a 4500
008
171018b xxu||||| |||| 00| 0 eng d
020
_a
9780618741632
041
_a
eng
080
_a
338
100
_a
53
101
_a
MNG
245
_a
MANAGING NOW!
_c
DESSLER, G
942
_2
udc
_c
BK
999
_c
34590
_d
34590